FC Barcelona - najdroższe transfery - Statystyki

Ogólne statystyki
  • Ten quiz został rozwiązany 1 376 razy
    652 od ostatniego zresetowania
  • Średni wynik to 14 z 20
Statystyki odpowiedzi
Sezon Kwota Klub sprzedający Narodowość Pozycja Zawodnik % Poprawnych
22/23 45 mln € Bayern Monachium Polska ś. napastnik Robert Lewandowski
95%
13/14 88 mln € Santos Brazylia l. napastnik Neymar
94%
17/18 135 mln € Borussia Dortmund Francja p. napastnik Ousmane Dembélé
93%
19/20 86 mln € Ajax Holandia ś. pomocnik Frankie de Jong
92%
14/15 81,72 mln € Liverpool Urugwaj ś. napastnik Luis Suárez
92%
17/18 135 mln € Liverpool Brazylia/Portugalia of. pomocnik Philippe Coutinho
88%
19/20 120 mln € Atlético Madryt Francja ś. napastnik Antoine Griezmann
86%
24/25 55 mln € RB Lipsk Hiszpania of. pomocnik Dani Olmo
85%
22/23 58 mln € Leeds United Brazylia/Włochy p. napastnik Raphinha
83%
22/23 50 mln € Sevilla Francja/Benin ś. obrońca Jules Koundé
82%
09/10 69,50 mln € Inter Mediolan Szwecja/Bośnia i Herc. ś. napastnik Zlatan Ibrahimović
79%
21/22 55 mln € Manchester City Hiszpania l. napastnik Ferran Torres
76%
20/21 60 mln € Juventus Bośnia i Herc./Luksemburg ś. pomocnik Miralem Pjanic
75%
10/11 40 mln € Valencia Hiszpania ś. napastnik David Villa
59%
17/18 40 mln € Guangzhou FC Brazylia ś. pomocnik Paulinho
50%
18/19 35,90 mln € Sevilla Francja ś. obrońca Clément Lenglet
49%
16/17 37 mln € Valencia Portugalia ś. pomocnik André Gomes
43%
17/18 35,70 mln € Benfica Portugalia/Rep. Z. Przyl. p. obrońca Nélson Semedo
43%
18/19 41 mln € Girondins Bordeaux Brazylia/Rosja p. napastnik Malcom
42%
01/02 35,90 mln € River Plate Argentyna/Hiszpania cof. napastnik Javier Saviola
13%
Nie znaleziono quizów pasujących do podanych kryteriów
Rozkład punktacji
Procent ludzi z każdym wynikiem
Percentyl według liczby udzielonych odpowiedzi
Twoja historia wyników
Nie rozwiązałeś tego quizu od ostatniego zresetowania